Attitude of undergraduate tourism students towards a carrer in the industry / (Record no. 23522)
[ view plain ]
| 000 -LEADER | |
|---|---|
| fixed length control field | 02178nam a22001817a 4500 |
| 005 - DATE AND TIME OF LATEST TRANSACTION | |
| control field | 20250821134720.0 |
| 008 - FIXED-LENGTH DATA ELEMENTS--GENERAL INFORMATION | |
| fixed length control field | 250219b |||||||| |||| 00| 0 eng d |
| 082 ## - DEWEY DECIMAL CLASSIFICATION NUMBER | |
| Edition number | 2023 |
| Classification number | UT |
| 100 ## - MAIN ENTRY--PERSONAL NAME | |
| Personal name | Bacalso, Queeny Lord U. |
| 9 (RLIN) | 65560 |
| 245 ## - TITLE STATEMENT | |
| Title | Attitude of undergraduate tourism students towards a carrer in the industry / |
| Statement of responsibility, etc. | Queeny Lord U. Bacalso, Irish Gwen T. Meñosa, and Ann Jane S. Aurelio |
| 260 ## - PUBLICATION, DISTRIBUTION, ETC. (IMPRINT) | |
| Place of publication, distribution, etc. | Digos City : |
| Name of publisher, distributor, etc. | UMDC, |
| Date of publication, distribution, etc. | ©June 2023. |
| 300 ## - PHYSICAL DESCRIPTION | |
| Extent | viii, 58 pages : |
| Other physical details | illustration (some colors) ; |
| Dimensions | 30 cm. |
| 500 ## - GENERAL NOTE | |
| General note | Includes references and appendices. |
| 520 ## - SUMMARY, ETC. | |
| Summary, etc. | The tourism industry has an adverse image among students, making it difficult for the industry to attract and retain competent employees. Understanding today's students' views of career opportunities in the tourism industry is important for ensuring they become successful professionals. Therefore, the purpose of this study was to examine the attitudes of undergraduate tourism students at UM Digos College toward pursuing a career in the industry. This study utilized a quantitative and descriptive method, and research data was collected using an adopted questionnaire from Scott Richardson (2008). Data were analyzed using frequency, mean, Mann-Whitney U-test, and Kruskal-Wallis H-test. Results showed that there is no significant difference between the level of attitude and perception of undergraduate tourism students towards career in the industry, which implies that it provides the qualities needed when deciding on a career. However, results showed that there are significant differences between the attitude of tourism students towards career in the industry when analyzed according to their socio-demographic profile, especially in terms of year level of commitment to the industry and in terms of sex in the nature of work. The findings also indicated that tourism students are more likely to work in the industry after graduation. In addition, future studies can help students gain substantial knowledge that will align with their profession when choosing a career in the industry. |
| 700 ## - ADDED ENTRY--PERSONAL NAME | |
| Personal name | Meñosa, Irish Gwen T. |
| 9 (RLIN) | 65561 |
| 700 ## - ADDED ENTRY--PERSONAL NAME | |
| Personal name | Aurelio, Ann Jane S. |
| 9 (RLIN) | 65562 |
| 942 ## - ADDED ENTRY ELEMENTS (KOHA) | |
| Source of classification or shelving scheme | Dewey Decimal Classification |
| Koha item type | Undergraduate Thesis |
| Withdrawn status | Lost status | Source of classification or shelving scheme | Damaged status | Not for loan | Home library | Current library | Date acquired | Total Checkouts | Full call number | Date last seen | Price effective from | Koha item type |
|---|---|---|---|---|---|---|---|---|---|---|---|---|
| Dewey Decimal Classification | UM Digos College - LIC | UM Digos College - LIC | 10/10/2024 | UT | 02/19/2025 | 02/19/2025 | Undergraduate Thesis |
